Orchidaceae (Registro nro. 13202)

Detalles MARC
000 -CABECERA
Campo de control 003740000a22001210004500
090 ## - CLASIFICACIÓN LOCAL
Colección AR
Consecutivo 04104
041 0# - IDIOMA
Código de idioma para texto/pista de sonido o título separado
100 1# - ASIENTO PRINCIPAL--NOMBRE PERSONAL
Nombre personal Ortíz V., Pedro
245 10 - MENCION DE TITULO
Título Orchidaceae
Version una nueva especie de Masdevallia de la Cordillera Occidental de Colombia
700 1# - ASIENTO SECUNDARIO - NOMBRE PERSONAL
Nombre personal Calderón Sáenz, Eduardo
773 1# - Item fuente:
Título Orquideología
Descripción física 2
Paginas del Articulo 120-125
Lugar, editorial y fecha de publicación 2002
Información sobre la relación 22
942 ## - ELEMENTOS ADICIONALES (KOHA)
Tipo de ítem Artículo
Existencias
Withdrawn status Lost status Damaged status No para préstamo Colección Ubicación Permanente Ubicación actual Fecha de adquisición Datos de publicación Seriada Total Checkouts Número topográfico Inventario / Código de Barras Date last seen Ejemplar Price effective from Forma de adquisición Tipo de material
      No para Préstamo Hemeroteca Bogotá Bogotá 06/01/2006 Fuera de circulación   AR 04104 022816 25/03/2015 1 25/03/2015   Artículo
      No para Préstamo Hemeroteca Bogotá Bogotá 06/01/2006 Fuera de circulación   AR 04104 022817 25/03/2015 2 25/03/2015   Artículo